[Event "RUS-chT Blitz"]
[Site "Sochi"]
[Date "2024.10.17"]
[Round "3.16"]
[White "Lugovskoy, Maxim"]
[Black "Shcherbin, Matvei"]
[Result "1-0"]
[WhiteElo "2382"]
[BlackElo "2366"]
[PlyCount "45"]
[EventDate "2024.10.17"]
[EventType "team-swiss (blitz)"]
[EventRounds "11"]
[EventCountry "RUS"]
[SourceTitle "CB43_2024"]
[Source "Chessbase"]
[SourceDate "2024.10.23"]
[SourceVersion "1"]
[SourceVersionDate "2024.10.23"]
[SourceQuality "1"]
[WhiteTeam "Krasnodarsk Region"]
[BlackTeam "Ekaterinburg Shkola ShakhMatOff"]
[WhiteTeamCountry "RUS"]
[BlackTeamCountry "RUS"]

1. e4 d5 2. exd5 Qxd5 3. Nc3 Qd6 4. d4 Nf6 5. Be2 Nc6 6. Nf3 Bg4 7. Be3 e6 8. 0-0 0-0-0 9. Nb5 Qe7 10. h3 Bh5 11. Ne5 Nxe5 12. Bxh5 a6 13. Na3 Nc6 14. Bf3 Qd7 15. c3 e5 16. Nc4 exd4 17. cxd4 Nxd4 18. Bxd4 Qxd4 19. Qb3 b5 20. Na5 Bd6 21. Bb7+ Kd7 22. Qxf7+ Be7 23. Rad1 1-0

[Event "Cheliabinsk Kurnosov Memorial Rapid"]
[Site "Cheliabinsk"]
[Date "2023.09.10"]
[Round "10"]
[White "Voskanyan, Argisht"]
[Black "Shcherbin, Matvei"]
[Result "1/2-1/2"]
[WhiteElo "2092"]
[BlackElo "2366"]
[PlyCount "89"]
[EventDate "2023.09.08"]
[EventType "swiss (rapid)"]
[EventRounds "11"]
[EventCountry "RUS"]
[SourceTitle "CBM 216 Extra"]
[Source "ChessBase"]
[SourceDate "2023.11.30"]
[SourceVersion "1"]
[SourceVersionDate "2023.11.30"]
[SourceQuality "1"]

1. d4 Nf6 2. c4 e6 3. g3 d5 4. Bg2 Bb4+ 5. Nd2 0-0 6. Ngf3 b6 7. 0-0 Bb7 8. cxd5 exd5 9. Ne5 Nbd7 10. Qa4 Bd6 11. Nxd7 Qxd7 12. Qxd7 Nxd7 13. Nc4 Be7 14. Bf4 Rac8 15. Rac1 g5 16. Bd2 Bf6 17. Bc3 Rfe8 18. Ne3 c6 19. Rfe1 Ba6 20. Bf3 Nf8 21. Nf5 Red8 22. Bb4 Rd7 23. Bg4 Ne6 24. e3 c5 25. Bc3 Bd3 26. dxc5 Bxc3 27. Rxc3 Bxf5 28. Bxf5 Rxc5 29. Rd3 Rdc7 30. Red1 Rc2 31. R3d2 Rxd2 32. Rxd2 Rc5 33. b4 Rc1+ 34. Kg2 Nc7 35. Rc2 Rxc2 36. Bxc2 Kg7 37. Kf3 h6 38. Ke2 Kf6 39. f4 gxf4 40. gxf4 Ke6 41. Kd2 Kd6 42. Kd3 a5 43. a3 axb4 44. axb4 Ne6 45. Bb3 1/2-1/2

[Event "Titled Tuesday intern op 15th Aug Early"]
[Site "Chess.com INT"]
[Date "2023.08.15"]
[Round "6"]
[White "Pert, Richard G"]
[Black "Shcherbin, Matvei"]
[Result "1/2-1/2"]
[WhiteElo "2421"]
[BlackElo "2366"]
[PlyCount "130"]
[EventDate "2023.08.15"]
[EventType "swiss (blitz)"]
[EventRounds "11"]
[EventCountry "USA"]
[SourceTitle "EXT 2024"]
[Source "ChessBase"]
[SourceDate "2023.10.10"]
[SourceVersion "1"]
[SourceVersionDate "2023.10.10"]
[SourceQuality "1"]

1. d4 Nf6 2. Bg5 Ne4 3. Bf4 d5 4. e3 e6 5. Bd3 Bd6 6. Ne2 Bxf4 7. Nxf4 0-0 8. Bxe4 dxe4 9. Nc3 f5 10. Qh5 Qe8 11. Qxe8 Rxe8 12. Nb5 Na6 13. c3 Bd7 14. a4 e5 15. Ne2 exd4 16. exd4 c5 17. 0-0 Bxb5 18. axb5 Nc7 19. dxc5 Nxb5 20. Nd4 Nxd4 21. cxd4 Red8 22. Rfd1 Rd5 23. Kf1 a6 24. Ra4 Rad8 25. Rb4 R8d7 26. Ke2 f4 27. g3 g5 28. gxf4 gxf4 29. Rg1+ Kf7 30. Rg4 Rf5 31. d5 f3+ 32. Ke3 Rfxd5 33. Rgxe4 Rxc5 34. Kxf3 b5 35. Re3 Rf5+ 36. Kg3 Rd6 37. h3 Rg6+ 38. Rg4 Rgf6 39. f3 h5 40. Rge4 Rg6+ 41. Kf2 Rc6 42. Re7+ Kf6 43. Rh7 Rc2+ 44. Kg3 Rg5+ 45. Kf4 Rc4+ 46. Re4 Rf5+ 47. Kg3 Rxe4 48. fxe4 Rc5 49. Kf4 a5 50. Rh6+ Kg7 51. Rb6 a4 52. h4 Rc2 53. Rxb5 Kg6 54. Rb6+ Kg7 55. Rb4 Rh2 56. Rxa4 Rxh4+ 57. Kg5 Rh2 58. Ra7+ Kf8 59. e5 Rxb2 60. Kxh5 Rg2 61. Ra6 Ke7 62. Rg6 Re2 63. Rg5 Ke6 64. Kg4 Rxe5 65. Rxe5+ Kxe5 1/2-1/2

[Event "Titled Tuesday intern op 15th Aug Early"]
[Site "Chess.com INT"]
[Date "2023.08.15"]
[Round "2"]
[White "Shcherbin, Matvei"]
[Black "Vafin, Ayrat"]
[Result "1/2-1/2"]
[WhiteElo "2366"]
[BlackElo "2302"]
[PlyCount "141"]
[EventDate "2023.08.15"]
[EventType "swiss (blitz)"]
[EventRounds "11"]
[EventCountry "USA"]
[SourceTitle "EXT 2024"]
[Source "ChessBase"]
[SourceDate "2023.10.10"]
[SourceVersion "1"]
[SourceVersionDate "2023.10.10"]
[SourceQuality "1"]

1. e4 e5 2. Nf3 Nf6 3. Nxe5 d6 4. Nf3 Nxe4 5. Nc3 Nxc3 6. dxc3 Be7 7. Bd3 Nc6 8. Bf4 Be6 9. Qd2 Qd7 10. 0-0-0 Bf6 11. Kb1 0-0-0 12. Ng5 Bxg5 13. Bxg5 f6 14. Be3 a6 15. f4 Bf5 16. Bc4 Rhe8 17. Rhe1 Be6 18. Bd5 Bxd5 19. Qxd5 Ne7 20. Qh5 Qf5 21. Qf7 Qg6 22. Qe6+ Kb8 23. Qh3 h5 24. Bg1 Nf5 25. g3 Rxe1 26. Rxe1 Re8 27. Qf1 Rxe1+ 28. Qxe1 Qf7 29. Qf2 b6 30. Qe2 Qe7 31. Qd2 Qe4 32. b3 d5 33. Kb2 Kb7 34. Qd1 g6 35. Bf2 Kc6 36. a4 Ne3 37. Bxe3 Qxe3 38. Qf1 Kb7 39. Qh1 Qe4 40. Qd1 Kc6 41. Qf1 Kb7 42. Qf2 Kc6 43. h3 Kb7 44. Qf1 Qe3 45. Qg2 Qe4 46. Qf2 Kc6 47. g4 hxg4 48. hxg4 f5 49. gxf5 gxf5 50. Qg3 Kb7 51. Qf2 Kc6 52. Qd2 Kb7 53. b4 Kc6 54. Qh2 Kb7 55. Qh6 Qc4 56. Qe6 Qe4 57. Qd7 Qxf4 58. Qxd5+ Ka7 59. a5 bxa5 60. Qxa5 Kb7 61. Qd5+ Kb6 62. Qc5+ Kb7 63. c4 Qe4 64. b5 axb5 65. Qxb5+ Kc8 66. Qc5 f4 67. Qf8+ Kb7 68. Qb4+ Kc8 69. Qf8+ Kb7 70. Qb4+ Kc8 71. Qf8+ 1/2-1/2

[Event "Titled Tuesday intern op 15th Aug Early"]
[Site "Chess.com INT"]
[Date "2023.08.15"]
[Round "5"]
[White "Shcherbin, Matvei"]
[Black "Yelisieiev, Yevhenii"]
[Result "1-0"]
[WhiteElo "2366"]
[BlackElo "2401"]
[PlyCount "111"]
[EventDate "2023.08.15"]
[EventType "swiss (blitz)"]
[EventRounds "11"]
[EventCountry "USA"]
[SourceTitle "EXT 2024"]
[Source "ChessBase"]
[SourceDate "2023.10.10"]
[SourceVersion "1"]
[SourceVersionDate "2023.10.10"]
[SourceQuality "1"]

1. e4 d6 2. d4 Nf6 3. Nc3 e5 4. Nf3 Nbd7 5. a4 Be7 6. Bc4 0-0 7. 0-0 c6 8. h3 a5 9. Re1 Nb6 10. Bf1 exd4 11. Nxd4 d5 12. e5 Ne8 13. Bf4 g6 14. Bh6 Ng7 15. Qd2 Re8 16. Bxg7 Kxg7 17. Rad1 Bg5 18. f4 Bh4 19. Re3 Be7 20. Nb3 Bb4 21. Qf2 Qe7 22. g4 Nc4 23. Bxc4 dxc4 24. Nd4 Bc5 25. Ne4 Be6 26. f5 Bxf5 27. gxf5 Qxe5 28. c3 Kh8 29. Rde1 Bxd4 30. cxd4 Qxd4 31. fxg6 fxg6 32. Ng5 Rf8 33. Rf3 Qxf2+ 34. Rxf2 Rxf2 35. Kxf2 b5 36. Re7 h6 37. Rh7+ Kg8 38. Rxh6 Kg7 39. Rh7+ Kf6 40. h4 bxa4 41. Rc7 Rb8 42. Rxc6+ Kf5 43. Rc5+ Kg4 44. Rxc4+ Kh5 45. Rxa4 Rxb2+ 46. Kg3 Rb3+ 47. Nf3 Rb5 48. Kf2 Rb2+ 49. Kg3 Rb5 50. Ra3 Rc5 51. Ng5 Rc4 52. Rxa5 Rg4+ 53. Kf2 Rf4+ 54. Nf3+ Kg4 55. Rg5+ Kh3 56. Rg3# 1-0

[Event "Titled Tuesday intern op 15th Aug Early"]
[Site "Chess.com INT"]
[Date "2023.08.15"]
[Round "10"]
[White "Vlassov, Nikolai"]
[Black "Shcherbin, Matvei"]
[Result "0-1"]
[WhiteElo "2283"]
[BlackElo "2366"]
[PlyCount "104"]
[EventDate "2023.08.15"]
[EventType "swiss (blitz)"]
[EventRounds "11"]
[EventCountry "USA"]
[SourceTitle "EXT 2024"]
[Source "ChessBase"]
[SourceDate "2023.10.10"]
[SourceVersion "1"]
[SourceVersionDate "2023.10.10"]
[SourceQuality "1"]

1. e4 c5 2. c3 Nf6 3. e5 Nd5 4. d4 cxd4 5. cxd4 Nc6 6. Nc3 Nxc3 7. bxc3 d6 8. f4 g6 9. Bd3 Bg7 10. h4 dxe5 11. fxe5 h5 12. Nf3 Bg4 13. 0-0 0-0 14. Be3 Rc8 15. Qe1 Bxf3 16. Rxf3 Nxe5 17. dxe5 Qxd3 18. Bxa7 Qd5 19. Bd4 b5 20. Rb1 Qxa2 21. Rxb5 Rb8 22. Rxb8 Rxb8 23. Qe4 Qb1+ 24. Qxb1 Rxb1+ 25. Rf1 Rb5 26. Re1 e6 27. Kf2 Bf8 28. Ke3 Be7 29. g3 Kf8 30. Ra1 Rb7 31. Ra8+ Kg7 32. Ra7 Rxa7 33. Bxa7 Kf8 34. Kd4 Ke8 35. Bc5 Bd8 36. Bd6 Kd7 37. Kc5 Ba5 38. c4 Be1 39. Kb6 Kc8 40. Be7 Bxg3 41. Bf6 g5 42. Bxg5 Bxe5 43. Kc6 Bg3 44. c5 Be5 45. Be7 f5 46. Bg5 f4 47. Bh6 f3 48. Be3 Bg3 49. Bg1 Bxh4 50. Kd6 f2 51. Bxf2 Bxf2 52. Kxe6 h4 0-1

[Event "RUS-ch Rapid"]
[Site "Sochi"]
[Date "2022.10.15"]
[Round "2"]
[White "Shcherbin, Matvei"]
[Black "Dzhumagaliev, Yan"]
[Result "0-1"]
[WhiteElo "2366"]
[BlackElo "2411"]
[PlyCount "110"]
[EventDate "2022.10.15"]
[EventType "swiss (rapid)"]
[EventRounds "11"]
[EventCountry "RUS"]
[SourceTitle "CBM 210 Extra"]
[Source "ChessBase"]
[SourceDate "2022.11.30"]
[SourceVersion "1"]
[SourceVersionDate "2022.11.30"]
[SourceQuality "1"]

1. e4 c5 2. c3 d5 3. exd5 Qxd5 4. d4 Nc6 5. Nf3 Bg4 6. dxc5 Qxd1+ 7. Kxd1 e5 8. b4 a5 9. Bb5 e4 10. Bxc6+ bxc6 11. h3 0-0-0+ 12. Nbd2 exf3 13. hxg4 fxg2 14. Rg1 axb4 15. cxb4 Rd4 16. Rxg2 Rxb4 17. Ba3 Ra4 18. Bb2 Nf6 19. Bxf6 gxf6 20. Nb3 Rg8 21. Rh2 h6 22. f3 f5 23. gxf5 Bg7 24. Rc1 Be5 25. Re2 f6 26. Rcc2 h5 27. Rg2 Rh8 28. Ke2 h4 29. Rg4 Bf4 30. Kf1 h3 31. Kg1 Rd8 32. Kh1 h2 33. Rxh2 Rd1+ 34. Rg1 Rxg1+ 35. Kxg1 Bxh2+ 36. Kxh2 Rf4 37. Kg3 Rxf5 38. f4 Kd7 39. Kf3 Rh5 40. Ke4 Rh2 41. Kf5 Ke7 42. a4 Kf7 43. Ke4 Ra2 44. a5 Ra3 45. Nd4 Rxa5 46. Nxc6 Rxc5 47. Nd4 Kg6 48. Ke3 Kh5 49. Kf3 Rc3+ 50. Ke4 Kg4 51. f5 Rc4 52. Kd5 Rxd4+ 53. Kxd4 Kxf5 54. Ke3 Kg4 55. Kf2 Kf4 0-1

[Event "RUS-ch Blitz"]
[Site "Sochi"]
[Date "2022.10.14"]
[Round "2"]
[White "Dobrov, Vladimir"]
[Black "Shcherbin, Matvei"]
[Result "1-0"]
[WhiteElo "2478"]
[BlackElo "2366"]
[PlyCount "67"]
[EventDate "2022.10.14"]
[EventType "swiss (blitz)"]
[EventRounds "13"]
[EventCountry "RUS"]
[SourceTitle "CBM 210 Extra"]
[Source "ChessBase"]
[SourceDate "2022.11.30"]
[SourceVersion "1"]
[SourceVersionDate "2022.11.30"]
[SourceQuality "1"]

1. Nf3 Nf6 2. g3 e6 3. Bg2 d5 4. c4 Be7 5. 0-0 0-0 6. b3 b6 7. Bb2 Bb7 8. e3 Nbd7 9. Nc3 dxc4 10. bxc4 c5 11. Qe2 Rc8 12. d3 Qc7 13. Rad1 Ng4 14. Bh3 Nge5 15. Ne1 Qc6 16. Bg2 Qc7 17. f4 Bxg2 18. Qxg2 Nc6 19. Nf3 Rfd8 20. g4 Nf8 21. g5 Nb4 22. Qe2 f6 23. a3 Nc6 24. gxf6 Bxf6 25. Ne4 Bxb2 26. Qxb2 Qf7 27. Kh1 Qh5 28. Qg2 Qg6 29. Qe2 Kh8 30. Rg1 Qh6 31. Nfg5 Rd7 32. Rg3 e5 33. f5 Ne7 34. Nf7+ 1-0

[Event "Cheliabinsk Variation Blitz"]
[Site "Cheliabinsk"]
[Date "2022.03.31"]
[Round "2"]
[White "Shcherbin, Matvei"]
[Black "Obolenskikh, Dmitry Aleksandrovi"]
[Result "0-1"]
[WhiteElo "2366"]
[BlackElo "2547"]
[PlyCount "78"]
[EventDate "2022.03.31"]
[EventType "swiss (blitz)"]
[EventRounds "13"]
[EventCountry "RUS"]
[SourceTitle "CBM 207 Extra"]
[Source "ChessBase"]
[SourceDate "2022.05.31"]
[SourceVersion "1"]
[SourceVersionDate "2022.05.31"]
[SourceQuality "1"]

1. e4 c5 2. Nf3 Nc6 3. d4 cxd4 4. Nxd4 Nf6 5. Nc3 e5 6. Nde2 Bc5 7. Ng3 d6 8. Be2 0-0 9. 0-0 a6 10. Bg5 h6 11. Bxf6 Qxf6 12. Nd5 Qg5 13. c3 Rd8 14. b4 Ba7 15. a4 Ne7 16. b5 Nxd5 17. Qxd5 Bc5 18. bxa6 Qe7 19. Rab1 Ra7 20. axb7 Bxb7 21. Nf5 Bxd5 22. Nxe7+ Rxe7 23. exd5 Ra8 24. Bb5 e4 25. Rfe1 f5 26. Bc6 Raa7 27. g3 Kf7 28. h4 g5 29. hxg5 hxg5 30. Kg2 Kf6 31. Rh1 e3 32. fxe3 Rxe3 33. Rbe1 Rae7 34. Rxe3 Rxe3 35. Rh6+ Kg7 36. Re6 Rxc3 37. Re7+ Kf8 38. Re2 Ra3 39. Rb2 f4 0-1

[Event "Cheliabinsk Variation Blitz"]
[Site "Cheliabinsk"]
[Date "2022.03.31"]
[Round "10"]
[White "Shcherbin, Matvei"]
[Black "Zakhartsov, Vladimir"]
[Result "1-0"]
[WhiteElo "2366"]
[BlackElo "2505"]
[PlyCount "79"]
[EventDate "2022.03.31"]
[EventType "swiss (blitz)"]
[EventRounds "13"]
[EventCountry "RUS"]
[SourceTitle "CBM 207 Extra"]
[Source "ChessBase"]
[SourceDate "2022.05.31"]
[SourceVersion "1"]
[SourceVersionDate "2022.05.31"]
[SourceQuality "1"]

1. e4 c5 2. Nf3 Nc6 3. d4 cxd4 4. Nxd4 Nf6 5. Nc3 e5 6. Nde2 Bc5 7. Ng3 Bb4 8. Bd2 d5 9. exd5 Nxd5 10. Nxd5 Qxd5 11. Bxb4 Nxb4 12. Qxd5 Nxd5 13. Bb5+ Ke7 14. 0-0 Be6 15. Rfe1 f6 16. Rad1 Nf4 17. Ne2 Nxe2+ 18. Rxe2 Rhd8 19. Red2 Rxd2 20. Rxd2 a6 21. Ba4 Rc8 22. Bb3 Bxb3 23. axb3 Rd8 24. Rxd8 Kxd8 25. Kf1 Kd7 26. Ke2 Kd6 27. Kd3 f5 28. h4 Kc5 29. c3 a5 30. f3 g6 31. Ke3 Kd5 32. Kd3 e4+ 33. fxe4+ fxe4+ 34. Ke3 Ke5 35. g4 h6 36. b4 axb4 37. cxb4 b5 38. b3 g5 39. hxg5 hxg5 40. Ke2 1-0

[Event "RUS-ch Rapid"]
[Site "Sochi"]
[Date "2021.10.13"]
[Round "9"]
[White "Savchenko, Boris"]
[Black "Shcherbin, Matvei"]
[Result "1/2-1/2"]
[WhiteElo "2535"]
[BlackElo "2366"]
[PlyCount "112"]
[EventDate "2021.10.12"]
[EventType "swiss (rapid)"]
[EventRounds "11"]
[EventCountry "RUS"]
[SourceTitle "CBM 204 Extra"]
[Source "ChessBase"]
[SourceDate "2021.11.30"]
[SourceVersion "1"]
[SourceVersionDate "2021.11.30"]
[SourceQuality "1"]

1. e4 c5 2. Nf3 e6 3. d3 Nc6 4. g3 g6 5. Bg2 Bg7 6. 0-0 Nge7 7. Qe2 0-0 8. h4 d5 9. e5 f6 10. exf6 Bxf6 11. c4 Nf5 12. Nc3 Ncd4 13. Qd1 Nxf3+ 14. Bxf3 Bxc3 15. bxc3 dxc4 16. dxc4 Qxd1 17. Rxd1 Nxg3 18. fxg3 Rxf3 19. Bh6 Rxg3+ 20. Kh2 Rg4 21. Kh3 e5 22. Rd8+ Kf7 23. Rf8+ Ke7 24. Rxc8 Rxh4+ 25. Kxh4 Rxc8 26. Bg7 Rd8 27. Bxe5 Rd2 28. Kg4 Re2 29. Kf4 Ke6 30. Bb8 Rc2 31. Re1+ Kd7 32. Rd1+ Kc8 33. Bxa7 Rxc3 34. Bxc5 Rxc4+ 35. Bd4 Kd7 36. Ke5 Ra4 37. Rd2 Ra6 38. Kd5 Rd6+ 39. Kc4 h5 40. Rg2 Ra6 41. Bc5 Re6 42. Kb5 Rf6 43. a4 Re6 44. a5 Rf6 45. Rd2+ Ke8 46. Rd6 Rxd6 47. Bxd6 Kd7 48. Bf4 Kc8 49. Kb6 g5 50. Be5 h4 51. Ka7 g4 52. Bb8 g3 53. Bf4 g2 54. Bh2 h3 55. Ka8 g1Q 56. Bxg1 Kc7 1/2-1/2

[Event "RUS-ch Rapid"]
[Site "Sochi"]
[Date "2021.10.12"]
[Round "3"]
[White "Demidov, Mikhail"]
[Black "Shcherbin, Matvei"]
[Result "1-0"]
[WhiteElo "2551"]
[BlackElo "2366"]
[PlyCount "55"]
[EventDate "2021.10.12"]
[EventType "swiss (rapid)"]
[EventRounds "11"]
[EventCountry "RUS"]
[SourceTitle "CBM 204 Extra"]
[Source "ChessBase"]
[SourceDate "2021.11.30"]
[SourceVersion "1"]
[SourceVersionDate "2021.11.30"]
[SourceQuality "1"]

1. Nf3 Nf6 2. g3 e6 3. Bg2 d5 4. c4 Be7 5. 0-0 0-0 6. b3 b6 7. Bb2 Bb7 8. e3 dxc4 9. bxc4 Nbd7 10. Qe2 c5 11. d3 Qc7 12. Nc3 Rad8 13. Rfd1 Rfe8 14. a4 a5 15. Rab1 Nb8 16. Nb5 Qc6 17. Be5 Na6 18. Na7 Qd7 19. Rxb6 Ng4 20. Bc3 Nb4 21. Ne5 Bf3 22. Qxf3 Nxe5 23. Bxe5 Qxa7 24. Rb7 Qa6 25. Qg4 Bf8 26. Be4 Nd5 27. Qh5 g6 28. Bxg6 1-0

[Event "RUS-chT rapid"]
[Site "Sochi"]
[Date "2019.10.19"]
[Round "6.1"]
[White "Yudin, Sergei"]
[Black "Shcherbin, Matvei"]
[Result "1-0"]
[WhiteElo "2497"]
[BlackElo "2366"]
[PlyCount "81"]
[EventDate "2019.10.18"]
[EventType "team-swiss (rapid)"]
[EventRounds "9"]
[EventCountry "RUS"]
[SourceTitle "CBM 192 Extra"]
[Source "Chessbase"]
[SourceDate "2019.11.06"]
[SourceVersion "1"]
[SourceVersionDate "2019.11.06"]
[SourceQuality "1"]
[WhiteTeam "Nizhny Tagil Politekhnik"]
[BlackTeam "Krasnoyarsk Suek"]
[WhiteTeamCountry "RUS"]
[BlackTeamCountry "RUS"]

1. e4 c5 2. Nf3 e6 3. c3 d5 4. exd5 Qxd5 5. Na3 Nf6 6. d4 cxd4 7. Nb5 Na6 8. Qxd4 Bc5 9. Qxd5 Nxd5 10. Bc4 Nb6 11. Be2 0-0 12. 0-0 f6 13. a4 e5 14. Nd2 Be6 15. Bf3 Bd5 16. Bxd5+ Nxd5 17. Ne4 Rfd8 18. c4 Ndb4 19. Nxc5 Nxc5 20. Be3 Ncd3 21. b3 a6 22. Nc3 f5 23. Rad1 Nb2 24. Rb1 N2d3 25. Rfd1 e4 26. f3 exf3 27. gxf3 Re8 28. Bb6 Re6 29. a5 Rae8 30. Nd5 Re2 31. Nxb4 Nxb4 32. Rd7 R8e7 33. Rxe7 Rxe7 34. Bc5 Nc6 35. Bxe7 Nxe7 36. b4 Nc6 37. b5 Nxa5 38. c5 Kf7 39. c6 bxc6 40. bxa6 Nc4 41. a7 1-0

[Event "RUS-chT rapid"]
[Site "Sochi"]
[Date "2019.10.18"]
[Round "2.1"]
[White "Ponkratov, Pavel"]
[Black "Shcherbin, Matvei"]
[Result "1-0"]
[WhiteElo "2621"]
[BlackElo "2366"]
[PlyCount "67"]
[EventDate "2019.10.18"]
[EventType "team-swiss (rapid)"]
[EventRounds "9"]
[EventCountry "RUS"]
[SourceTitle "CBM 192 Extra"]
[Source "Chessbase"]
[SourceDate "2019.11.06"]
[SourceVersion "1"]
[SourceVersionDate "2019.11.06"]
[SourceQuality "1"]
[WhiteTeam "South Ural Cheliabinsk"]
[BlackTeam "Krasnoyarsk Suek"]
[WhiteTeamCountry "RUS"]
[BlackTeamCountry "RUS"]

1. d4 Nf6 2. c4 g6 3. Nc3 d5 4. Bg5 Ne4 5. Bh4 Nxc3 6. bxc3 dxc4 7. e3 c5 8. Bxc4 Bg7 9. Nf3 cxd4 10. cxd4 Qa5+ 11. Nd2 Nc6 12. 0-0 0-0 13. Rb1 Qc7 14. Qc2 Bf5 15. Bd3 Bxd3 16. Qxd3 Rac8 17. Rfc1 Rfd8 18. Qb5 Qd7 19. Qxb7 Rc7 20. Qa6 Rdc8 21. Rd1 Nd8 22. h3 Rc2 23. Ne4 R8c6 24. Qa5 h6 25. Nc5 Qd6 26. Qxa7 g5 27. Bg3 e5 28. dxe5 Qf8 29. Nd7 Qe7 30. Qa8 Rc8 31. Rb8 Rxb8 32. Qxb8 Kh7 33. Nf6+ Bxf6 34. exf6 1-0

[Event "RUS-ch blitz"]
[Site "Sochi"]
[Date "2019.10.17"]
[Round "11"]
[White "Antipov, Mikhail Al"]
[Black "Shcherbin, Matvei"]
[Result "1/2-1/2"]
[WhiteElo "2567"]
[BlackElo "2366"]
[PlyCount "58"]
[EventDate "2019.10.17"]
[EventType "swiss (blitz)"]
[EventRounds "15"]
[EventCountry "RUS"]
[SourceTitle "CBM 192 Extra"]
[Source "Chessbase"]
[SourceDate "2019.11.06"]
[SourceVersion "1"]
[SourceVersionDate "2019.11.06"]
[SourceQuality "1"]

1. e4 c5 2. Nf3 e6 3. b3 Nf6 4. e5 Nd5 5. c4 Nc7 6. Bb2 Nc6 7. g3 Be7 8. Bg2 0-0 9. Nc3 f6 10. d4 cxd4 11. Nxd4 fxe5 12. Nc2 d5 13. cxd5 exd5 14. Nxd5 Nxd5 15. Qxd5+ Kh8 16. 0-0 Qxd5 17. Bxd5 Bh3 18. Rfe1 Bc5 19. Ne3 Rad8 20. Bxc6 bxc6 21. Bc3 Rd3 22. Rac1 Bxe3 23. Rxe3 Rxe3 24. fxe3 e4 25. Rd1 Kg8 26. Bb4 Rf3 27. Rd8+ Kf7 28. Rf8+ Ke6 29. Rxf3 exf3 1/2-1/2

[Event "Pardubice op rapid 30th"]
[Site "Pardubice"]
[Date "2019.07.19"]
[Round "9"]
[White "Shcherbin, Matvei"]
[Black "Lalic, Bogdan"]
[Result "0-1"]
[WhiteElo "2366"]
[BlackElo "2411"]
[PlyCount "66"]
[EventDate "2019.07.17"]
[EventType "swiss (rapid)"]
[EventRounds "9"]
[EventCountry "CZE"]
[SourceTitle "CBM 191 Extra"]
[Source "ChessBase"]
[SourceDate "2019.09.30"]
[SourceVersion "1"]
[SourceVersionDate "2019.09.30"]
[SourceQuality "1"]

1. e4 c5 2. c3 Nf6 3. e5 Nd5 4. d4 cxd4 5. Nf3 Nc6 6. cxd4 d6 7. Bc4 dxe5 8. Nxe5 e6 9. 0-0 Be7 10. Qf3 0-0 11. Rd1 Bf6 12. Bxd5 exd5 13. Nc3 Be6 14. Bf4 Rc8 15. Nxc6 Rxc6 16. Be5 Be7 17. Qg3 f6 18. Bf4 Qd7 19. Re1 Rfc8 20. Rac1 Bf8 21. h3 b5 22. Ne2 Rc4 23. Qe3 Bf7 24. Rxc4 dxc4 25. Rd1 b4 26. Bg3 Qa4 27. Ra1 Qc2 28. Qf3 Qxb2 29. Rc1 Re8 30. Re1 c3 31. d5 Qd2 32. Kf1 Bxd5 33. Qh5 g6 0-1

[Event "Pardubice op rapid 30th"]
[Site "Pardubice"]
[Date "2019.07.19"]
[Round "8"]
[White "Sysolyatin, Evgeny Valerievich"]
[Black "Shcherbin, Matvei"]
[Result "0-1"]
[WhiteElo "2271"]
[BlackElo "2366"]
[PlyCount "90"]
[EventDate "2019.07.17"]
[EventType "swiss (rapid)"]
[EventRounds "9"]
[EventCountry "CZE"]
[SourceTitle "CBM 191 Extra"]
[Source "ChessBase"]
[SourceDate "2019.09.30"]
[SourceVersion "1"]
[SourceVersionDate "2019.09.30"]
[SourceQuality "1"]

1. e4 c5 2. Nf3 e6 3. d4 cxd4 4. Nxd4 Bc5 5. Nb3 Bb6 6. Nc3 Ne7 7. Bf4 d5 8. Bb5+ Nbc6 9. 0-0 0-0 10. exd5 Nxd5 11. Nxd5 exd5 12. c3 Qf6 13. Qd2 h6 14. Be3 Bxe3 15. Qxe3 Ne5 16. Rfe1 Ng6 17. Nd4 a6 18. Bd3 Nf4 19. Bf1 Bd7 20. Qe5 Qxe5 21. Rxe5 Rfe8 22. Rxe8+ Rxe8 23. f3 Ne6 24. Rd1 Nxd4 25. Rxd4 Re1 26. Kf2 Rb1 27. Rd2 Kf8 28. Be2 Be6 29. a3 Ke7 30. Bd1 b5 31. Ke3 Kd6 32. f4 Kc5 33. Rd4 Rxb2 34. Bf3 Rc2 35. Rd3 Kc4 36. f5 Bxf5 37. Rd4+ Kxc3 38. Rxd5 Be6 39. Rd6 a5 40. Ra6 a4 41. Rb6 Bc4 42. Bc6 Ra2 43. Rb7 Rxa3 44. h4 Kb4+ 45. Kf4 Rc3 0-1

[Event "Cheliabinsk Kurnosov Memorial rapid"]
[Site "Cheliabinsk"]
[Date "2018.09.07"]
[Round "2"]
[White "Kokarev, Dmitry"]
[Black "Shcherbin, Matvei"]
[Result "1-0"]
[WhiteElo "2595"]
[BlackElo "2366"]
[PlyCount "147"]
[EventDate "2018.09.07"]
[EventType "swiss (rapid)"]
[EventRounds "11"]
[EventCountry "RUS"]
[SourceTitle "CBM 186 Extra"]
[Source "ChessBase"]
[SourceDate "2018.08.24"]
[SourceVersion "1"]
[SourceVersionDate "2018.08.24"]
[SourceQuality "1"]

1. e4 c5 2. Nf3 e6 3. d4 cxd4 4. Nxd4 Bc5 5. Nb3 Bb6 6. Nc3 Ne7 7. g3 0-0 8. Bg2 Nbc6 9. 0-0 f5 10. exf5 Nxf5 11. Na4 Bc7 12. c4 d6 13. Nc3 a6 14. Bf4 e5 15. Bd2 Nfd4 16. Nxd4 Nxd4 17. Nd5 Bb8 18. Be3 Ba7 19. Rc1 Be6 20. Kh1 Qd7 21. f4 Bh3 22. Qd2 Bxg2+ 23. Qxg2 Kh8 24. Qe4 Qh3 25. Bxd4 Bxd4 26. b3 b5 27. Qg2 Qxg2+ 28. Kxg2 exf4 29. Rxf4 Rxf4 30. gxf4 Rc8 31. Rd1 Bf6 32. Ne3 Rc6 33. Kf3 Kg8 34. Ke4 Kf7 35. Kd5 Rc5+ 36. Kxd6 Be7+ 37. Kd7 Rh5 38. Rd2 bxc4 39. bxc4 Bb4 40. Rb2 Ba3 41. Rb7 Rxh2 42. Nd5 Rxa2 43. c5 Bxc5 44. Kc6+ Ke6 45. Nc7+ Kf5 46. Kxc5 Kxf4 47. Nd5+ Kf5 48. Rxg7 h5 49. Rh7 Kg5 50. Kd4 a5 51. Nc3 Rd2+ 52. Ke5 Rd3 53. Ne4+ Kg6 54. Ra7 Ra3 55. Ra6+ Kg7 56. Kf5 h4 57. Ra7+ Kf8 58. Rh7 h3 59. Ng5 Kg8 60. Rh4 Rb3 61. Nxh3 Rb5+ 62. Ke6 Rb4 63. Nf4 a4 64. Rg4+ Kh7 65. Kf7 Rb7+ 66. Kf6 Rb4 67. Rg7+ Kh6 68. Rg6+ Kh7 69. Ne6 Rb6 70. Rg7+ Kh6 71. Ra7 Rb4 72. Ra5 Rg4 73. Ra8 Rg6+ 74. Kf5 1-0

[Event "Paris European Corporate 1st"]
[Site "Paris"]
[Date "2017.11.25"]
[Round "8.1"]
[White "Shcherbin, Matvei"]
[Black "Tsorbatzoglou, Theodoros"]
[Result "1-0"]
[WhiteElo "2366"]
[BlackElo "2217"]
[PlyCount "55"]
[EventDate "2017.11.24"]
[EventType "team-swiss"]
[EventRounds "9"]
[EventCountry "FRA"]
[SourceTitle "CBM 181 Extra"]
[Source "ChessBase"]
[SourceDate "2017.12.12"]
[SourceVersion "1"]
[SourceVersionDate "2017.12.12"]
[SourceQuality "1"]
[WhiteTeam "RZD"]
[BlackTeam "Event Consulting"]
[WhiteTeamCountry "RUS"]
[BlackTeamCountry "FRA"]

1. e4 c5 2. c3 d5 3. exd5 Qxd5 4. d4 Nf6 5. Nf3 e6 6. Be3 cxd4 7. cxd4 Nc6 8. Nc3 Qd8 9. a3 Be7 10. Bd3 0-0 11. 0-0 b6 12. Rc1 Bb7 13. Bb1 Nd5 14. Qd3 g6 15. Bh6 Re8 16. Ba2 Nxc3 17. Rxc3 Bf6 18. Rd1 Qd6 19. Qe3 Ne7 20. Bf4 Qd8 21. Bc7 Qd7 22. Ne5 Qb5 23. Qf4 Nd5 24. Bxd5 Qxd5 25. Rf3 Rac8 26. Qxf6 Rxc7 27. Nxf7 Qxf3 28. Nh6# 1-0